Champions League Topscorer 2021/22 - Statistiken

Allgemein
  • Dieses Quiz wurde 67 mal gespielt
  • Das Durchschnittsergebnis liegt bei 18 aus 22
Antwortstatistiken
Rang Nation Verein Tore Antwort % Korrekt
7 Frankreich Paris Saint-Germain 6 Kylian Mbappe
98%
4 Ägypten Liverpool 8 Mohamed Salah
98%
2 Polen Bayern München 13 Robert Lewandowski
98%
1 Frankreich Real Madrid 15 Karim Benzema
95%
7 Deutschland Bayern München 6 Leroy Sane
93%
12 Senegal Liverpool 5 Sadio Mane
92%
7 Portugal Manchester United 6 Cristiano Ronaldo
90%
16 Brasilien Real Madrid 4 Vinicius Junior
90%
16 Frankreich Atletico Madrid 4 Antoine Griezmann
88%
5 Frankreich RB Leipzig 7 Christopher Nkunku
88%
16 Deutschland Bayern München 4 Thomas Müller
88%
12 Argentinien Paris Saint-Germain 5 Lionel Messi
87%
5 Algerien Manchester City 7 Riyad Mahrez
87%
16 Deutschland Chelsea 4 Timo Werner
87%
12 Brasilien Liverpool 5 Roberto Firmino
83%
3 Elfenbeinküste Ajax 11 Sebastien Haller
83%
12 Brasilien Real Madrid 5 Rodrygo
82%
7 Uruguay Benfica 6 Darwin Nunez
73%
16 Brasilien Manchester City 4 Gabriel Jesus
70%
16 Kolumbien Liverpool 4 Luis Dias
50%
7 Niederlande Villareal 6 Arnaut Danjuma
30%
16 Portugal Sporting 4 Pedro Goncalves
13%
Keine übereinstimmenden Quizze gefunden
Verteilung der Resultate
Anzahl Personen mit jedem Resultat
Perzentil nach korrekt beantworteten Fragen
Ihre Resultats-Entwicklung
Sie haben dieses Quiz noch nicht gespielt